000
00269nam a2200121Ia 4500
005
20251222155204.0
008
251222s9999||||xx |||||||||||||| ||spa||
082
_a
SOC. 02
100
_a
Universidad Lima.
245
0
_a
SociologĂa
264
_b
No tiene
942
_c
LIB
999
_c
40034
_d
40034